Регионална библиотека "Любен Каравелов" - Русе

Красива саможертва (Запис номер 130655)

MARC детайли
000 -Лидер
Контролно поле с фиксирана дължина 01391nam a2200349 c 4500
003 - Код на организацията, давaща контролен номер
Контролно поле BLK
005 - Дата и час на последна редакция
Контролно поле 20250725160719.0
008 - Елементи от данни с фиксирана дължина
fixed length control field 180409b bul|||||r ||||||| ||bul||
010 ## - Наследен системен номер
LC control number KNG00136424000
020 ## - Международен стандартен номер на книга ISBN
Международен стандартен номер на книга ISBN 978-954-26-1149-3
-- издат.: Хермес
040 ## - Източник на каталожния запис
Идентификатор на билиотеката - собственик на записа BLK
041 ## - Код за език
Код за езика на текст/звукозапис или на отделно заглавие Български
Код за езика КДБФ Български
072 #7 - Код за тематичната категория
Код организация bullib
Код за тематична категория Н83
Текст Чужда художествена литература Н
080 ## - УДК
Текстов определител УДК Американска литература (на САЩ)
УДК код - определител по УДК 821.111(73)
УДК определител -312.4
УДК - код + определител 821.111(73)-312.4
100 1# - Редна дума - Автор
Автор Лоуел, Елизабет
Авторска отговорност първи автор
R(LIN) 89657
139 ## - Редно поле
Редна дума Лоуел, Елизабет
Авторски знак Лот - Л 84
245 10 - Сведения за заглавието
Заглавие Красива саможертва
Подзаглавни данни Роман
Редно поле (дума) Елизабет Лоуел; прев. от англ. Пепа Стоилова Стоилова.
257 ## - Страна на издаване
Страна на създаване/издаване Съединени американски щати
260 ## - Област на издателските данни
-- Пловдив
Име на издателя, разпространителя и проч. Хермес
Година на издаване 2012
Печатница Хасково : Полиграфюг
300 ## - Физическа характеристика
Страници 384 с.
Размери/Мащаб 20 см
380 ## - Жанр
Жанр Худож. лит.
490 1# - СЕРИИ (Колекции)
Име на серия Мегаселър
500 ## - Общи забележки
Забележка Ориг. загл. Beautiful sacrifice / Elizabeth Lowell
659 ## - Тематичен бюлетин
Тематичен бюлетин Н
700 1# - Други автори (авторска отговорност)
Лично име Стоилова, Пепа Стоилова
Автороска отговорност (Описва отношението между автора и произведението) прев. от англ.
9 (RLIN) 364979
852 ## - Местоположение
Форматна сигнатура Цб 256903
856 4# - Електронен адрес и достъп
Електронен формат pdf - файл
Път до файла /url/
856 4# - Електронен адрес и достъп
Електронен формат pdf - файл
Път до файла /url/
942 ## - АРТИКУЛИ
Вид на библиотечния материал Книги
Скрит в OPAC Не
Koha issues (borrowed), all copies 93
944 ## - СЪЗДАВАНЕ И РЕДАКЦИЯ на ЗАПИСА
Създаване/Редакция Създаване
Дата на регистрацията/редакция 23.11.2012
Статус, дата на статуса Мартин Енчев
Служител, извършил регистрацията/редакцията 30575
944 ## - СЪЗДАВАНЕ И РЕДАКЦИЯ на ЗАПИСА
Създаване/Редакция Редакция
Дата на регистрацията/редакция 22.04.2014
Статус, дата на статуса ф /
Служител, извършил регистрацията/редакцията
999 ## - СИСТЕМНИ КОНТРОЛНИ НОМЕРА
Koha biblionumber 130655
Koha biblioitemnumber 130655
Наличности
Код за отписване Код за изгубен артикул Източник на класификационната схема Код за повреда Коз за рестрикции Код за отдаване Артикулен № Име на библиотеката - собственик Име на библиотеката, в която се намира в момента Статус (Текущо местоположение) Дата на вписване в системата Местоположение - отдел Цена в лева Инвентарен номер Систематично азбучна сигнатура Баркод Номер на екземпляра Цена в евро Служебна бележка Служебен тип на артикула
  Не е изгубен Universal Decimal Classification Не е повреден без рестрикции заемане за дома 212621 Регионална библиотека "Любен Каравелов" Русе Регионална библиотека "Любен Каравелов" Русе Заемна - подръчен фонд 2012-11-21 Заемна - подръчен фонд 11.25 120000761236 П 821-31/Л 84 120000761236 1 5.75 Дост: Pk Вид: Ф N: 820000048 Дата: 09.11.2012 Дата инв: 14.02.2018 Бележки инв: П2018 Книги
Изтеглен Не е изгубен Universal Decimal Classification Не е повреден без рестрикции заемане за дома 212622 Регионална библиотека "Любен Каравелов" Русе Регионална библиотека "Любен Каравелов" Русе Заемна - подръчен фонд 2012-11-21 Заемна - подръчен фонд 11.25 120000761237 П 820(73)-31/Л 84 120000761237 2 5.75 Дост: Pk Вид: Ф N: 820000048 Дата: 09.11.2012 Книги
  Не е изгубен   Не е повреден без рестрикции заемане за дома 212623 Регионална библиотека "Любен Каравелов" Русе Регионална библиотека "Любен Каравелов" Русе Заемна - подръчен фонд 2012-11-21 Заемна - подръчен фонд 11.25 120000761238 П 820(73)-31/Л 84 120000761238 3 5.75 Дост: Pk Вид: Ф N: 820000048 Дата: 09.11.2012 Дата инв: 01.03.2018 Бележки инв: П2018 Книги
  Не е изгубен   Не е повреден без рестрикции ползва се в читалня 212624 Регионална библиотека "Любен Каравелов" Русе Регионална библиотека "Любен Каравелов" Русе Хранилище 2014-04-17 Хранилище 14.95 120000776858 Цб 256903 120000776858 4 7.64 Дост: Dp Вид: Д N: 22 Дата: 21.05.2013 Книги
Vip Innovations Ltd, Rousse, Bulgaria 2025